000 00224nam a2200097Ia 4500
008 230915s9999 xx 000 0 und d
050 _aTR 8825 .Z48 2007
100 _aZETTL,HERBERT
245 0 _aVIDEO BASICS 5
942 _cBK
999 _c205654
_d205654